| 000 | 00389nam a2200145 a 4500 | ||
|---|---|---|---|
| 001 | 2824 | ||
| 003 | CDMR | ||
| 005 | 20130802121602.0 | ||
| 008 | 130130s1967||||||||||||||||||||||||||||d | ||
| 040 |
_aCDMR _bcat _cCDMR |
||
| 110 | 2 |
_aAssociació de la Premsa de Barcelona _939 |
|
| 245 | 1 | 0 | _aMemoria año 1966 |
| 260 |
_aBarcelona _c1967 _bAssociació de la Premsa de Barcelona |
||
| 942 |
_cMON _2udc |
||
| 999 |
_c2824 _d2824 |
||